000 00654cam a2200217 4500500
005 20260329005841.0
041 _afre
042 _adc
100 1 0 _aMoreau, Anne-Sophie
_eauthor
245 0 0 _aÊtre “étang” ? La chronique d’Anne-Sophie Moreau
260 _c2025.
500 _a77
690 _aAnne-Sophie Moreau
690 _aClimat
690 _aHayao Miyazaki
690 _aMoustique
690 _aThoreau
690 _aVacances
786 0 _nPhilosophie magazine | 190 | 6 | 2025-06-01 | p. 18-18 | 1951-1787
856 4 1 _uhttps://shs.cairn.info/magazine-philosophie-magazine-2025-6-page-18?lang=fr&redirect-ssocas=7080
999 _c1847250
_d1847250